Thi nhân Việt Nam 1932-1941
Giới thiệu sáng tác của các nhà thơ trong phong trào Thơ mới Việt Nam: Hoài Thanh, Hoài Chân, Tản Đà, Thế Lữ,...
Uloženo v:
| Hlavní autor: | |
|---|---|
| Další autoři: | |
| Médium: | Kniha |
| Jazyk: | Undetermined |
| Vydáno: |
H.
Văn học
2016
|
| Témata: | |
| On-line přístup: | http://lrc.tdmu.edu.vn/opac/search/detail.asp?aID=2&ID=32202 |
| Tagy: |
Přidat tag
Žádné tagy, Buďte první, kdo otaguje tento záznam!
|
| Thư viện lưu trữ: | Trung tâm Học liệu Trường Đại học Thủ Dầu Một |
|---|
| LEADER | 00858nam a2200217Ia 4500 | ||
|---|---|---|---|
| 001 | TDMU_32202 | ||
| 008 | 210410s9999 xx 000 0 und d | ||
| 082 | |a 306.766 0973 | ||
| 090 | |b H404 | ||
| 100 | |a Hoài Thanh | ||
| 245 | 0 | |a Thi nhân Việt Nam 1932-1941 | |
| 245 | 0 | |c Hoài Thanh, Hoài Chân | |
| 260 | |a H. | ||
| 260 | |b Văn học | ||
| 260 | |c 2016 | ||
| 300 | |a 415tr. | ||
| 520 | |a Giới thiệu sáng tác của các nhà thơ trong phong trào Thơ mới Việt Nam: Hoài Thanh, Hoài Chân, Tản Đà, Thế Lữ,... | ||
| 650 | |a Văn học Việt Nam |v Thơ |y 1932-1941; Phong trào Thơ mới; Nhà thơ |z Việt Nam | ||
| 700 | |a Hoài Chân | ||
| 856 | |u http://lrc.tdmu.edu.vn/opac/search/detail.asp?aID=2&ID=32202 | ||
| 980 | |a Trung tâm Học liệu Trường Đại học Thủ Dầu Một | ||